000 00677nam a2200217 i 4500
001 bg
245 0 0 _aObszary chronione w Polsce :
_bkatalog : komentarz i mapa /
_cMałgorzata Walczak [i in.] ; Instytut Ochrony Środowiska.
250 _a[Wyd. 2].
260 _aWarszawa :
_bDział Informacji i Wydawnictwa IOŚ,
_c1994.
300 _a229 s. :
_brys. kolor. ;
_c22 cm.
650 9 _aRezerwaty i parki narodowe
_zPolska
655 _aInformatory
700 1 _aWALCZAK, Małgorzata.
020 _a8385805095
040 _cBPK
041 0 _apl
080 _a502.6(083.8)+912](438)
920 _a83-85805-09-5
942 _cKS
008 s pl f |000 0 pol
999 _c30411
_d30411
856 _uhttp://koha.tu.koszalin.pl/cgi-bin/koha/opac-detail.pl?biblionumber=30411
_yKatalog online BPK